[Event "ACL-A083"]
[Site "www.playchess.de"]
[Date "2001.03.02"]
[Round "10"]
[White "guerino"]
[Black "Mother_Teresa"]
[WhiteElo "1500"]
[BlackElo "1505"]
[PlyCount "70"]
[Result "0-1"]

1.e4 e5 2.Nf3 Nc6 3.Bb5 d6 4.d4 Bd7 5.Nc3 exd4 
6.Nxd4 Nf6 7.O-O Nxd4 8.Bxd7+ Qxd7 9.Qxd4 c5 
10.Qd3 Be7 11.Bg5 O-O 12.Rad1 a6 13.f4 b6 14.e5 
Ne8 15.Bxe7 Qxe7 16.exd6 Qd7 17.Rfe1 Nf6 18.Re7 
Qc6 19.Rc7 Qe8 20.Nd5 Nxd5 21.Qxd5 Qe3+ 22.Kh1 
Qxf4 23.Re7 Rad8 24.d7 Qf6 25.Rde1 h6 26.R7e8 a5 
27.Qb7 Qd6 28.Rxd8 Rxd8 29.Kg1 Rxd7 30.Re8+ Kh7 
31.Qe4+ g6 32.Qe2 Qd4+ 33.Kf1 Qf4+ 34.Kg1 Qc1+ 
35.Kf2 Rd2 0-1

[Event "HCL-A071"]
[Site "www.playchess.de"]
[Date "2001.03.02"]
[Round "29"]
[White "Kaiko"]
[Black "Brent"]
[WhiteElo "1700"]
[BlackElo "1158"]
[PlyCount "35"]
[Result "1-0"]

1.d4 Nf6 2.c4 e6 3.Nc3 c5 4.d5 d6 5.e4 exd5 6.cxd5 
a6 7.a4 Be7 8.f4 Nbd7 9.Nf3 O-O 10.Bd3 b6 11.O-O 
h6 12.e5 Nh7 13.Qc2 g6 14.e6 Ndf6 15.exf7+ Rxf7 
16.Bxg6 Rg7 17.f5 Bb7 18.Bxh6 1-0

[Event "ACL-A091"]
[Site "www.playchess.de"]
[Date "2001.03.02"]
[Round "9"]
[White "Iaret"]
[Black "yaroslav"]
[WhiteElo "1500"]
[BlackElo "1500"]
[PlyCount "31"]
[Result "1-0"]

1.e4 c5 {good job on your first move}  2.c3 Nc6 
3.d4 e5 4.d5 Nce7 5.Nf3 d6 6.Bb5+ Bd7 7.Bxd7+ Qxd7 
8.c4 g6 9.Nc3 Qg4 10.O-O O-O-O 11.Qa4 Nf6 12.Ng5 
Rd7 13.Qxa7 Nh5 14.Qa8+ Kc7 15.Nb5+ {mate in two}  
Kb6 16.Qa7+ 1-0

[Event "ACL-A092"]
[Site "www.playchess.de"]
[Date "2001.03.02"]
[Round "11"]
[White "Yogibear"]
[Black "Blitzmich"]
[WhiteElo "1768"]
[BlackElo "1641"]
[PlyCount "103"]
[Result "1-0"]

1.c4 {viel Spass beim Spiel!}  e5 {danke 
gleichfalls! Gruß Ralf}  2.g3 Nf6 3.Nc3 Nc6 4.Bg2 
Bb4 5.Nd5 Bc5 6.Nf3 O-O 7.d3 d6 8.Bg5 Be6 9.Nxf6+ 
gxf6 10.Bh6 Re8 11.O-O e4 12.dxe4 Bxc4 13.Nd2 Ba6 
14.e3 Ne5 15.Re1 Qd7 16.Qh5 Qg4 17.Qxg4+ Nxg4 
18.Bf4 Ne5 19.a3 Nd3 20.Reb1 Nxf4 21.gxf4 Bd3 
22.Rbc1 a5 23.Rc3 Bb5 24.e5 fxe5 25.Ne4 exf4 
26.Nf6+ Kg7 27.Nxe8+ Rxe8 28.a4 Ba6 29.e4 c6 
30.Rh3 f5 31.exf5 Re2 32.Rf3 Rxb2 33.Rxf4 Kf6 
34.Bf1 b5 35.Kg2 Bb7 36.Kg3 b4 37.Re1 Rb3+ 38.f3 
Rb2 39.Re6+ Kf7 40.Rh6 Kg7 41.Rh5 d5 42.Rg4+ Kf6 
43.Rxh7 Bc8 44.Rg6+ Ke5 45.Bd3 Bf2+ 46.Kg4 c5 
47.Rc6 Bg1 48.f4+ Kd4 49.Rxc8 Rg2+ 50.Kf3 Rf2+ 
51.Kg3 Kxd3 {Gratuliere, ich werde dann aufgeben. 
War ein schönes Spiel! Gruß Ralf}  52.f6 {eine 
spannende Partie von 2 gleichwertigen Spielern, 
danke dafür und viel Glück weiterhin wünscht Jü} 
 1-0

[Event "ACL-A092"]
[Site "www.playchess.de"]
[Date "2001.03.02"]
[Round "15"]
[White "plobi"]
[Black "Blitzmich"]
[WhiteElo "1308"]
[BlackElo "1641"]
[PlyCount "43"]
[Result "1/2-1/2"]

1.d4 Nf6 2.c4 e6 3.Nf3 d5 4.g3 c5 5.cxd5 exd5 
6.Nc3 cxd4 7.Nxd4 Qb6 8.Bg2 Nc6 9.e3 Bg4 10.Qa4 
Bb4 11.O-O O-O 12.h3 Nxd4 13.exd4 Bd7 14.Qb3 Bxc3 
15.Qxb6 axb6 16.bxc3 Rfe8 17.Be3 Rac8 18.Rfb1 b5 
19.Rb3 Ne4 20.Bxe4 Rxe4 21.Kh2 Ra8 
22.a3 1/2-1/2

[Event "HCL-B173"]
[Site "www.playchess.de"]
[Date "2001.03.02"]
[Round "4"]
[White "ggaarrii"]
[Black "FEMW"]
[WhiteElo "1308"]
[BlackElo "1500"]
[PlyCount "42"]
[Result "0-1"]

1.e4 e6 {Do you like to play french?}  2.d4 {No, 
but do i have a choice??}  d5 3.Nc3 Nf6 {Where do 
you live? I live in Lund in Sweden.}  4.Bg5 
{Umag,Croatia (northern Adriatic coast)}  Be7 {I 
will look at a map for Umag. Lund is very close to 
Denmark and Copenhagen.}  5.e5 {It's near the 
border with Slovenia and it's a small town with 
less then 10 000 people}  Nfd7 {I will look at the 
map tomorrow!}  6.h4 Bxg5 {I accept the 
challenge!}  7.hxg5 Qxg5 8.Nh3 Qh6 9.Bd3 a6 10.Qe2 
Qh4 11.O-O-O Qxd4 12.Bxh7 Qxe5 13.Qd3 Nc5 14.Qf3 
Rxh7 15.Ng5 Qxg5+ 16.Kb1 Rxh1 17.Rxh1 Nbd7 18.Rh8+ 
Nf8 19.Qh3 Bd7 20.Rg8 O-O-O 21.Qh8 
Qh6 0-1

[Event "HCL-C176"]
[Site "www.playchess.de"]
[Date "2001.03.02"]
[Round "1"]
[White "Translightor"]
[Black "Glimmung"]
[WhiteElo "1426"]
[BlackElo "1083"]
[PlyCount "59"]
[Result "1-0"]

1.e4 {Hello & Good luck!}  e5 2.Nf3 Nf6 3.d4 exd4 
4.e5 Ne4 5.Qxd4 f5 6.Bc4 Bc5 7.Qd5 Bxf2+ 8.Ke2 Rf8 
9.Nbd2 c6 10.Qd3 Nxd2 11.Qxd2 Qb6 12.Rf1 Bc5 13.a3 
Qc7 14.Qg5 d5 15.d6 Bxd6 16.Be3 b5 17.Bb3 f4 
18.Bd4 g6 19.Rae1 Be7 20.Kd1 Rf5 21.Qh6 Rh5 22.Qg7 
Bg4 23.Kc1 Rf5 24.Bf6 Rxf6 25.Qxf6 Bf5 26.Qh8+ Kd7 
27.Red1+ Bd6 28.Ne5+ Ke7 29.Qg7+ Kd8 
30.Qf8+ 1-0

[Event "HCL-B176"]
[Site "www.playchess.de"]
[Date "2001.03.02"]
[Round "2"]
[White "King_Kong"]
[Black "rafita"]
[WhiteElo "1500"]
[BlackElo "1365"]
[PlyCount "30"]
[Result "0-1"]

1.h4 e5 2.g3 d5 3.Nf3 Nc6 4.d4 exd4 5.Nxd4 Bc5 
6.Bh3 Nxd4 7.Bg5 Nf6 8.e3 Qe7 9.Nc3 c6 10.Bf4 Bxh3 
11.Rxh3 Nf5 12.Qd3 Ne4 13.Nxe4 Qxe4 14.Qxe4+ dxe4 
15.g4 Ne7 0-1

[Event "HCL-B176"]
[Site "www.playchess.de"]
[Date "2001.03.02"]
[Round "9"]
[White "daniela"]
[Black "King_Kong"]
[WhiteElo "1500"]
[BlackElo "1500"]
[PlyCount "25"]
[Result "1-0"]

1.e4 {Zum Glück können wir uns auf deutsch 
unterhalten. Auf Englisch fällt es mir nicht so 
leicht. Daniela}  e5 {Mir geht's genau so. Wie alt 
bist du ?}  2.f4 {24 Wie sieht' mit dir aus?}  
exf4 {Werd bald 17 . Und sonst ... ?}  3.Nf3 {dann 
hast du gewiss mehr Zeit als ich. Was bedeutet 
denn 6d 23:33?}  d5 {Das meinst du nicht ernst 
oder ? Und keine Ahnung , zum ersten mal hier !}  
4.e5 {bin auch neu hier und das mit der Zeit war 
mein Ernst, da ich schon eine Familie habe}  Nc6 
{Stress ist gesund! :-)}  5.d4 {aber in Maßen ... 
machst du Abi/Ausbildung etc.?}  Bb4+ {Beides in 
einem! Ausbildung als technischer Assistent für 
Betriebsinformatik in Kombi mit einem FHR!}  6.c3 
{Ist das Abi genauso anerkannt wie ein "Normales"? 
Wenn ja, würden diesen Weg doch mehr wählen, 
oder?}  Bf5 {Es ist halt nur ein Fachabi ansonsten 
hast du recht ! Ist auch mit Vollabi möglich !}  
7.cxb4 {bin gespannt, was du nach diesem Opfer 
geplant hast!}  Nxb4 {Ich kriege meine Kosten 
wieder rein !}  8.Qa4+ {Dann siehst du etwas, was 
ich nicht sehe. Ich lasse mich überraschen!}  Nc6 
9.Bxf4 g5 10.Bxg5 Qd7 11.Bb5 f6 12.Bxc6 Qxc6 
13.Qxc6+ 1-0

[Event "ACL-A095"]
[Site "www.playchess.de"]
[Date "2001.03.02"]
[Round "8"]
[White "Stephen21"]
[Black "chucaniam"]
[WhiteElo "1699"]
[BlackElo "1500"]
[PlyCount "48"]
[Result "0-1"]

1.e3 Nf6 2.Nf3 d5 3.d4 e6 4.Bd3 Be7 5.O-O Nbd7 
6.Nc3 O-O 7.Qe2 c5 8.Bb5 a6 9.Bxd7 Bxd7 10.Ne5 Be8 
11.a3 cxd4 12.exd4 Qc7 13.b4 Qxc3 14.Bg5 Bb5 
15.Nd3 Qxd4 16.Qe5 Qxe5 17.Nxe5 Bxf1 18.Rxf1 Rfd8 
19.c3 h6 20.Bxf6 Bxf6 21.Ng4 Bxc3 22.g3 d4 23.Rd1 
d3 24.Ne3 d2 0-1

[Event "HCL-A079"]
[Site "www.playchess.de"]
[Date "2001.03.02"]
[Round "15"]
[White "chessnut"]
[Black "stud"]
[WhiteElo "2020"]
[BlackElo "1180"]
[PlyCount "21"]
[Result "1-0"]

1.c4 b5 2.cxb5 a6 3.e4 e5 4.Nf3 d6 5.Nc3 Nf6 6.d4 
exd4 7.Nxd4 Bd7 8.Qa4 Be7 9.Bc4 O-O 10.O-O a5 
11.b4 1-0

[Event "ACL-A096"]
[Site "www.playchess.de"]
[Date "2001.03.02"]
[Round "12"]
[White "daniela"]
[Black "chesssk"]
[WhiteElo "1500"]
[BlackElo "1500"]
[PlyCount "48"]
[Result "0-1"]

1.e4 {Hello, I wish an interesting game for us.}  
e5 2.f4 {Do you speak German or English? Sprichst 
du Deutsch oder Englisch?}  exf4 3.Nf3 {o.k. - no 
chat}  g5 4.h4 g4 5.Ne5 Qe7 6.Nxg4 Qxe4+ 7.Qe2 d5 
8.Nf2 Qxe2+ 9.Bxe2 Nc6 10.c3 Nf6 11.d4 Bd6 12.Nd2 
Bf5 13.Bb5 O-O-O 14.Bxc6 bxc6 15.Nf3 Rhe8+ 16.Kd1 
Ne4 17.Rf1 Ng3 18.Re1 Rxe1+ 19.Nxe1 Re8 20.Nfd3 
Re2 21.Nxf4 Rf2 22.Nfd3 Bg4+ 23.Nf3 Rxg2 24.Nde1 
Rf2 0-1

[Event "HCL-B183"]
[Site "www.playchess.de"]
[Date "2001.03.02"]
[Round "5"]
[White "Bauernopfer"]
[Black "BlueKnight"]
[WhiteElo "1307"]
[BlackElo "1200"]
[PlyCount "43"]
[Result "1-0"]

1.e4 e5 2.Nf3 Nc6 3.c3 Nf6 4.d3 Bc5 5.b4 Bb6 6.b5 
Ng4 7.d4 Na5 8.Nxe5 Nf6 9.Nd2 d6 10.Nef3 O-O 
11.Bd3 Bg4 12.O-O d5 13.e5 Ne4 14.Nxe4 dxe4 
15.Bxe4 Qd7 16.Qd3 Qe6 17.Bxh7+ Kh8 18.Ng5 Qe7 
19.Qg3 f6 20.Qh4 f5 21.Bxf5+ Kg8 
22.Qh7+ 1-0

[Event "HCL-A077"]
[Site "www.playchess.de"]
[Date "2001.03.02"]
[Round "2"]
[White "kondor"]
[Black "paule"]
[WhiteElo "1638"]
[BlackElo "1960"]
[PlyCount "79"]
[Result "1/2-1/2"]

1.d4 c5 2.d5 e5 3.c4 d6 4.e4 Be7 5.Nf3 Bg4 6.Nc3 
a6 7.h3 Bxf3 8.Qxf3 Bg5 9.Bd3 Bxc1 10.Rxc1 Ne7 
11.O-O Ng6 12.Ne2 O-O 13.Ng3 Nd7 14.Rfd1 Nf4 
15.Bf1 g6 16.a3 Qg5 17.b4 f5 18.Kh2 Rf7 19.Rcb1 
Raf8 20.Rb2 h5 21.exf5 gxf5 22.Ne2 Ng6 23.Qg3 Qh6 
24.Nc3 h4 25.Qf3 Qg7 26.Na4 e4 27.Qc3 Nge5 28.Qc2 
Kh8 29.bxc5 Nxc5 30.Nxc5 dxc5 31.Rb6 R7f6 32.Rdb1 
Rxb6 33.Rxb6 Nxc4 34.Qxc4 Qc7+ 35.d6 Qxb6 36.Qe6 
Kg7 37.Qe7+ Rf7 38.Qg5+ Kh7 39.Qh5+ Kg7 
40.Qg5+ 1/2-1/2

[Event "HCL-C185"]
[Site "www.playchess.de"]
[Date "2001.03.02"]
[Round "17"]
[White "chvs2002"]
[Black "foxzy"]
[WhiteElo "1000"]
[BlackElo "1000"]
[PlyCount "72"]
[Result "0-1"]

1.e4 e5 2.Nf3 Nc6 3.Nc3 Nf6 4.Bc4 Bb4 5.Ng5 d5 
6.Bb3 d4 7.Nxf7 Qe7 8.Nxh8 dxc3 9.bxc3 Ba5 10.Nf7 
Nxe4 11.O-O Be6 12.Qh5 Nf6 13.Nd6+ Kd7 14.Qe2 Qxd6 
15.Qb5 Bb6 16.d3 Bxb3 17.cxb3 a6 18.Qc4 Rf8 19.a4 
Na5 20.Ba3 Nxc4 21.Bxd6 Nxd6 22.Rae1 Ng4 23.Re2 
Ke6 24.d4 Nf5 25.h3 Ngh6 26.Rxe5+ Kd7 27.Rd1 Kc8 
28.g4 Nh4 29.d5 Nf3+ 30.Kg2 Nxe5 31.Rf1 Nd3 32.f3 
Nf4+ 33.Kg3 Nxd5 34.g5 Nf5+ 35.Kg4 Nde3+ 36.Kh5 
g6+ 0-1

[Event "HCL-A077"]
[Site "www.playchess.de"]
[Date "2001.03.02"]
[Round "6"]
[White "kondor"]
[Black "Sccr"]
[WhiteElo "1638"]
[BlackElo "1900"]
[PlyCount "35"]
[Result "1-0"]

1.d4 d5 2.e4 dxe4 3.Nc3 Nf6 4.f3 exf3 5.Nxf3 Bg4 
6.h3 Bxf3 7.Qxf3 c6 8.Qf2 e6 9.Bd3 Bb4 10.O-O O-O 
11.Qh4 Nbd7 12.Bg5 Re8 13.Rf3 Qa5 14.Bxf6 Nxf6 
15.Rxf6 gxf6 16.Qxh7+ Kf8 17.Ne4 Be7 
18.Qh8+ 1-0

[Event "HCL-A077"]
[Site "www.playchess.de"]
[Date "2001.03.02"]
[Round "8"]
[White "Belka"]
[Black "JL"]
[WhiteElo "1720"]
[BlackElo "1800"]
[PlyCount "49"]
[Result "1-0"]

1.b4 f5 2.Bb2 Nf6 3.Nf3 e6 4.b5 Be7 5.e3 O-O 6.Be2 
c5 7.c4 b6 8.O-O a6 9.a4 Bb7 10.Nc3 Ne4 11.d3 Nxc3 
12.Bxc3 d6 13.Qd2 Nd7 14.bxa6 Rxa6 15.a5 Qa8 
16.axb6 Bf6 17.Bxf6 Rxf6 18.Qb2 Rg6 19.Rxa6 Bxa6 
20.Ra1 Rf6 21.Qa3 Nb8 22.Qa4 Rf8 23.Ng5 Qb7 
24.Nxe6 Rc8 25.Nc7 1-0

[Event "HCL-A077"]
[Site "www.playchess.de"]
[Date "2001.03.02"]
[Round "19"]
[White "Sccr"]
[Black "Avva"]
[WhiteElo "1900"]
[BlackElo "1800"]
[PlyCount "42"]
[Result "0-1"]

1.e4 e6 2.d4 d5 3.Nd2 Nf6 4.e5 Nfd7 5.Bd3 c5 6.c3 
Nc6 7.Ne2 cxd4 8.cxd4 f6 9.Nf4 Nxd4 10.Qh5+ Ke7 
11.exf6+ Nxf6 12.Qe5 Nc6 13.Qg5 e5 14.Ne2 Kf7 
15.O-O Bd6 16.Ng3 Be6 17.b3 e4 18.Ndxe4 dxe4 
19.Be2 Be5 20.Rb1 h6 21.Qe3 Qd4 0-1

[Event "HCL-A081"]
[Site "www.playchess.de"]
[Date "2001.03.02"]
[Round "20"]
[White "jmcerna"]
[Black "kondor"]
[WhiteElo "1700"]
[BlackElo "1638"]
[PlyCount "66"]
[Result "0-1"]

1.e4 {Hi condor}  d5 {hi!}  2.exd5 Nf6 3.c4 c6 
4.dxc6 Nxc6 5.Nf3 e5 6.d3 Bf5 7.Be2 Qd7 8.O-O 
O-O-O 9.Qa4 Bxd3 10.Bxd3 Qxd3 11.Be3 a6 12.Nc3 Qf5 
13.Bb6 Rd3 14.Rad1 Rxf3 15.gxf3 Qxf3 16.c5 e4 
17.Rfe1 Qg4+ 18.Kf1 Qh3+ 19.Ke2 Qh5+ 20.Kd2 Bxc5 
21.Bxc5 Qxc5 22.Kc1 Re8 23.f3 Qg5+ 24.Kb1 exf3 
25.Rxe8+ Nxe8 26.Qc4 Qf5+ 27.Ka1 h6 28.Nd5 Kb8 
29.Ne7 Nxe7 30.Rd8+ Nc8 31.Rxe8 f6 32.Qf1 Qh5 
33.Qf2 Qxe8 0-1

[Event "ACL-A101"]
[Site "www.playchess.de"]
[Date "2001.03.02"]
[Round "6"]
[White "foxzy"]
[Black "Gandalf_9417"]
[WhiteElo "1456"]
[BlackElo "1901"]
[PlyCount "56"]
[Result "0-1"]

1.e4 c6 2.d4 d5 3.Nc3 dxe4 4.Nxe4 Nd7 5.Nf3 Ngf6 
6.Nxf6+ Nxf6 7.Be2 Bf5 8.O-O e6 9.Bg5 Be7 10.Bd3 
Bg4 11.h3 Bxf3 12.Qxf3 Qxd4 13.b3 Qd5 14.Qe3 Ng4 
15.Qf4 Qxg5 16.Qxg4 Qxg4 17.hxg4 O-O-O 18.Rae1 Rd4 
19.f4 Bc5 20.Re5 Rxd3+ 21.Rxc5 Rd2 22.a4 Rhd8 
23.Kh2 R8d5 24.Rc4 h6 25.Kh3 Re2 26.f5 e5 27.b4 
Rdd2 28.g3 Reh2+ 0-1

[Event "HCL-A088"]
[Site "www.playchess.de"]
[Date "2001.03.02"]
[Round "5"]
[White "Kaotic"]
[Black "peze"]
[WhiteElo "1600"]
[BlackElo "2005"]
[PlyCount "46"]
[Result "0-1"]

1.e4 e5 {Hello!}  2.Nf3 Nf6 3.Nc3 {Hello Peze.}  
Nc6 4.Bc4 {How good are you?}  Nxe4 {Click on 
"peze" beside the flag.}  5.Qe2 {Cool! You're 
2005! Thats awsome.}  Nxc3 {:-))}  6.dxc3 {Do you 
know any cool traps that I can know of?}  d6 
{traps??}  7.Ng5 {Yeah...Traps. Like the one that 
I'm about to use on you!!!}  d5 8.Bb5 {Prepare for 
a chaotic situation that's about to occur...}  f6 
{:-)}  9.Bxc6+ {I love complexity of the game...}  
bxc6 {Chess is a wonderful game. Sorry for my 
english!}  10.Nf3 {No problem, your english is 
quite good.}  Bd6 11.O-O O-O 12.Nh4 e4 13.f3 g5 
14.g3 {Excellent. You saw the trap which I did 
not. Look out though, you just opened up a perfect 
attack.}  gxh4 {:-)) Thankyou.}  15.gxh4 Kh8 
16.fxe4 {Now the combination begins...try to find 
it.}  Rg8+ 17.Kh1 {Minor delay...}  Bg4 18.Qe3 
{Another delay...}  dxe4 {!!}  19.Rg1 {As the 
combo begins...}  Bf3+ {mate in a few moves!}  
20.Qxf3 {Very good... I under estimated you. My 
friend Dead Pay just lost his queen to me. He'll 
lose.}  Rxg1+ {My young friend! 45 years 
experience in chess are not to underestimate. :-)} 
 21.Kxg1 {I have only been playing for one year 
and my rating is 1700. I need to get better like 
you.}  exf3 {:-)}  22.Bh6 Qe7 23.Kf1 
Qe2+ 0-1

[Event "HCL-B192"]
[Site "www.playchess.de"]
[Date "2001.03.02"]
[Round "32"]
[White "deadeasy"]
[Black "Dlastdon"]
[WhiteElo "1869"]
[BlackElo "1287"]
[PlyCount "29"]
[Result "1-0"]

1.d4 d5 2.e4 dxe4 3.Nc3 Nf6 4.f3 exf3 5.Nxf3 g6 
6.Bc4 e6 7.O-O Bg7 8.Bg5 O-O 9.Ne4 Nc6 10.c3 Kh8 
11.Qe1 h6 12.Qh4 Kh7 13.Nxf6+ Bxf6 14.Bxf6 Qd6 
15.Ng5+ 1-0

[Event "HCL-C193"]
[Site "www.playchess.de"]
[Date "2001.03.02"]
[Round "23"]
[White "lienk"]
[Black "Coney"]
[WhiteElo "1083"]
[BlackElo "1030"]
[PlyCount "37"]
[Result "1-0"]

1.e4 e5 2.Nf3 Nc6 3.Nc3 Nf6 4.Bc4 Nd4 5.Nxe5 Qe7 
6.f4 d5 7.Nxd5 Nxd5 8.Bxd5 Ne6 9.d4 Qb4+ 10.c3 Qb6 
11.Qa4+ Ke7 12.f5 c6 13.Bc4 f6 14.Nf3 Nd8 15.Bf4 
g6 16.O-O gxf5 17.e5 Bg7 18.Qa3+ Ke8 
19.exf6 1-0

[Event "HCL-B197"]
[Site "www.playchess.de"]
[Date "2001.03.02"]
[Round "8"]
[White "lennin"]
[Black "toilet"]
[WhiteElo "1530"]
[BlackElo "1881"]
[PlyCount "20"]
[Result "0-1"]

1.e4 c5 2.Nf3 e6 3.Nc3 a6 4.d4 cxd4 5.Nxd4 b5 
6.Bd3 b4 7.Nce2 Bb7 8.c4 Nf6 9.Qc2 Bc5 10.Be3 
Ng4 0-1

[Event "HCL-B197"]
[Site "www.playchess.de"]
[Date "2001.03.02"]
[Round "11"]
[White "jabbaman"]
[Black "Zeus"]
[WhiteElo "1282"]
[BlackElo "1676"]
[PlyCount "60"]
[Result "0-1"]

1.e4 {Howdy form Victoria, BC, Canada}  c5 
{Greetings, northern neighbor!  I am from 
Illinois.}  2.f4 d5 3.exd5 Nf6 4.Nc3 Nxd5 5.Bc4 
Nxf4 6.Qf3 e5 7.Nge2 Qh4+ 8.g3 Ng2+ 9.Qxg2 Qxc4 
10.O-O Qa6 11.d3 Be6 12.Ne4 h6 13.Be3 Nd7 14.c4 f5 
15.N4c3 O-O-O 16.Nd5 {I thought that's what you  
where going to do!}  Nf6 {Really}  17.Nec3 Bxd5 
{Good Night jabbaman, my man.}  18.Nxd5 {Ihave so 
much hanging I think I need a safety rope!}  Nxd5 
{Don't forget to tie a knot in the end!}  19.cxd5 
{I hate it when a plan falls apart or a game in 
this case!}  Qxd3 {Me too!}  20.Qf3 {Plenty of 
punishment left!}  g6 {Goody, goody!}  21.Rfd1 Qc2 
{Duel to the death!}  22.Rac1 {Must I always get 
killed??}  Qxb2 23.Bxc5 {I'm dead!!}  Bxc5+ 
{R.I.P.}  24.Rxc5+ Kb8 {Not very often does one 
answer a check with check...a rarity!}  25.Qe3 
{desperate times!}  Rd6 {Desperate measures!}  
26.Ra5 {2 pawns is a painfull lead!}  b6 27.Ra4 
Rhd8 28.Qxh6 {meant to go to a3 - not  that it 
would save me or anything!}  Qc2 29.Rc1 {Fored 
again - sometimes I need more sleep! Last 
move....}  Qxa4 {Sorry...}  30.Qg7 
Qd4+ 0-1

[Event "HCL-E035"]
[Site "www.playchess.de"]
[Date "2001.03.02"]
[Round "1"]
[White "AC"]
[Black "paule"]
[WhiteElo "2000"]
[BlackElo "1994"]
[PlyCount "50"]
[Result "0-1"]

1.d4 c5 2.d5 e5 3.c4 d6 4.Nc3 Be7 5.g3 a6 6.a4 Bg5 
7.e3 f5 8.Bg2 Nf6 9.a5 O-O 10.Nge2 Nbd7 11.f4 Bh6 
12.O-O g6 13.e4 Nxe4 14.Bxe4 fxe4 15.Nxe4 Qe7 
16.fxe5 Bxc1 17.Rxf8+ Qxf8 18.Rxc1 Nxe5 19.Nf4 Bg4 
20.Qb3 Re8 21.Ng5 Qf5 22.Nfe6 Rxe6 23.Nxe6 Nf3+ 
24.Kh1 Ne1 25.Rxe1 Qf2 0-1

[Event "HCL-E033"]
[Site "www.playchess.de"]
[Date "2001.03.02"]
[Round "3"]
[White "paule"]
[Black "mvs"]
[WhiteElo "1994"]
[BlackElo "2000"]
[PlyCount "45"]
[Result "1-0"]

1.e4 e6 2.d4 d5 3.Nd2 c5 4.exd5 exd5 5.Bb5+ Bd7 
6.Qe2+ Qe7 7.Bxd7+ Nxd7 8.dxc5 Nxc5 9.Nb3 Rc8 
10.Be3 Nxb3 11.axb3 a6 12.O-O-O Nf6 13.Nf3 Rc6 
14.Nd4 Rc7 15.Rhe1 Qd8 16.Nf5 Kd7 17.Bb6 Rxc2+ 
18.Qxc2 Qxb6 19.Ne3 Qc6 20.Nxd5 Qxc2+ 21.Kxc2 Nxd5 
22.Rxd5+ Kc6 23.Rd8 1-0

[Event "HCL-B203"]
[Site "www.playchess.de"]
[Date "2001.03.02"]
[Round "13"]
[White "deadeasy"]
[Black "altmax"]
[WhiteElo "1872"]
[BlackElo "1200"]
[PlyCount "37"]
[Result "1-0"]

1.d4 d5 {Good luck!}  2.e4 {hello from london. i 
look forward to an interesting game}  dxe4 {Hi 
there. Well, you certainly made it sure it's gonna 
be a very interesting one. Let's see.}  3.Nc3 
{saves banging out 20 moves from a book}  Nf6 
{True:-)}  4.f3 exf3 5.Nxf3 Bg4 6.h3 Bxf3 7.Qxf3 
c6 8.Be3 e6 9.Bd3 Be7 {Well, we are getting into 
heart of BDG. Let's see if I can keep up:-) How is 
the weather in London?}  10.O-O {bdg is always 
fun. the weather is always lousy. only the soccer 
is looking up!}  O-O {Is it still cold up there? 
When does Spring begin in London?}  11.Rf2 {spring 
should start feb...usually april. snow due 
tonight. you have played this opening before ;-)}  
Nbd7 {I can't wait for Spring. Yes, I played 
couple times with different results. Hope I can 
keep f-line:)}  12.Raf1 {are you a football fan? i 
like watching the bills on tv here}  Nb6 {Do you 
mean soccer or american football? I am not a real 
fan of american football but love soccer.}  13.g4 
{i watch your football on tv. i am soccer daft, i 
travel weekends following my team. i played for 
RAF}  h6 {Well, it's not really my football coz 
I'm originally from Ukraine. How about Dynamo 
Kiev?}  14.h4 {kiev have always been a good team. 
i see why you like spring now. ukraine is v. cold 
i believe}  Nbd5 {It's actually warm in Ukraine 
and the weather is mild just like in NJ, USA. This 
BDG is crazy:-)}  15.g5 {when this is all new to 
me, i have not played this line before}  Nxe3 {Me 
neither. I love how it develops. However, your g4 
earlier was a killer one. It deserves "!!"}  
16.Qxe3 {lets see !! or ?? but nothing in between} 
 hxg5 {I was initially planning on Ng4 but your 
Qe4 would destroy me. Let's see if hxg5 can help.} 
 17.hxg5 {its walking on egg shells commenting on 
moves during the game but i thought there was 
better than hg}  Nd5 {We can review the moves once 
the game is over. How about that? How is life 
otherwise?}  18.Qh3 {thats fine}  g6 19.Rh2 
{g6?????? f5!!! sorry}  1-0

[Event "HCL-B205"]
[Site "www.playchess.de"]
[Date "2001.03.02"]
[Round "3"]
[White "dakini"]
[Black "player27"]
[WhiteElo "1146"]
[BlackElo "1461"]
[PlyCount "54"]
[Result "1/2-1/2"]

1.d4 e6 2.c4 Nf6 {na dann...ab zu den Indischen}  
3.Bg5 {Da kenne ich mich nun überhaupt nicht aus 
...}  Be7 4.Nc3 d5 5.e3 O-O 6.c5 h6 7.Bf4 c6 
{keine Eröffnungsbücher mehr vorh. selbstdenken 
ist anges. ich wandle in Spuren des 
klass.Damengambit}  8.Nf3 {Bin auch wieder 
gespannt wo das hier enden wird!}  Nbd7 9.b4 Nh5 
10.Be5 f6 11.Bd6 Bxd6 12.cxd6 g5 {schon wieder 
unangenehm......}  13.h4 {Vielleicht klappt es 
diesmal. Diese kleinen Ausreißer kosten mich jetzt 
die "B"Klasse; muß wohl eins}  g4 {ups...erst g4! 
und dann h4-fürchterlich*nun bleibt die H-Linie 
dicht!}  14.Qd3 {Und jetzt kommt es ganz heftig! 
So macht es einfach richtig Spaß oder ?!}  Ng7 
{gar keinen Spass! immer noch zuviele Partien! 
Dennoch ein guter Weg***hier unklar}  15.Qg6 {Nach 
der Lernpause wenn alle Partien hier durch sind 
gehts anders weiter}  h5 {muss mir auch was 
ausbrüten (I"net-Nutzung)}  16.Ng5 {Mit DSL soll 
es ja noch eine flatrate geben}  fxg5 
{(erzwungen)-mit DSL wär ich mir auch nicht ganz 
sicher, muss mich nochmal erkundigen,kann ewig 
dauer}  17.Bd3 Rf5 {da war ne feine 
Dauerschachkombination für dich drin-durfte ich 
nat. nicht zulassen ; )}  18.Bxf5 exf5 19.hxg5 Nf8 
{mal schaun, ob es mir ein drittes Mal gelingt, 
kühlen Kopf zu bewahren : )}  20.Qf6 Bd7 21.O-O-O 
Nh7 22.Qxd8+ {Hast Dich ja nochmal gut 
rausmanövriert hier. Kompliment!}  Rxd8 {ist noch 
nicht ganz überstanden ; ) Guten Abend}  23.f4 
{Weiter gehts!}  Kf7 24.Na4 b5 {nun wird c6 
schwach, aber du hast auch einen wunden 
Punkt...e3!}  25.Nc5 Bc8 26.d7 Bxd7 27.a4 
Be6 1/2-1/2